Artistas musicales españoles I - Estadísticas

Estadísticas generales
  • Esta prueba ha sido intentada 5.890 veces
  • La puntuación promedio es 12 de 20
Estadísticas de respuestas
Canciones Intérprete % Correcto
Ave María | Corazón Latino | Bulería David Bisbal
96%
Malamente | Con Altura | Despechá Rosalía
94%
Lo malo | Mon Amour | Teléfono Aitana
87%
Como Camarón | Tu calorro | La raja de tu falda Estopa
87%
Un violinista en tu tejado | Caminando por la vida | El Nano Melendi
86%
Cayó la Noche | Playa del Inglés | Punto G Quevedo
83%
Soy un truhán, soy un señor | Me olvidé de vivir | Me Va, Me Va Julio Iglesias
81%
Corazón partío | La tortura | El alma al aire Alejandro Sanz
80%
La Flaca | Depende | Grita Jarabe de Palo
73%
Hijo de la luna | Cruz de navajas | Me colé en una fiesta Mecano
73%
Amante bandido | Morenamía | Como un lobo Miguel Bosé
70%
Marta, Sebas, Guille y los demás | Te necesito | Kamikaze Amaral
68%
Moving | Mama Tierra | Con la mano levantá Macaco
42%
Ay mamá | In Spain We Call It Soledad | Perra Rigoberta Bandini
42%
Resistiré | Esos ojitos negros | Quisiera ser Dúo Dinámico
41%
Contando lunares | Tumbao | Moonlight Cruz Cafuné
40%
Entre dos tierras | Maldito duende | Avalancha Héroes del Silencio
36%
Me gustas tú | Bongo Bong | La Chinita Manu Chao
29%
Vicios y virtudes | Trae ese ron | Marrones, morenas, coronas Violadores del Verso
16%
Así me gusta a mí | Bombas | La tía Enriqueta Chimo Bayo
14%
No se encontraron pruebas coincidentes
Distribución de puntuación
Porcentaje de gente con cada puntuación
Porcentaje por número respondido
Historial de tus puntuaciones
No has intentado esta prueba.